Miasta województw - Statystyki

Ogólne statystyki
  • Ten quiz został rozwiązany 25 razy
  • Średni wynik to 89 z 144
Statystyki odpowiedzi
Zagadnienie Komórka Select % Poprawnych
Województwo Pomorskie Kudowa Zdrój Nie
100%
Województwo Pomorskie Śrem Nie
100%
Województwo Pomorskie Wieluń Nie
100%
Województwo Pomorskie Tarczyn Nie
94%
Województwo Dolnośląskie Czechowice-Dziedzice Nie
89%
Województwo Pomorskie Hel Tak
89%
Województwo Dolnośląskie Jastrzębie Zdrój Nie
89%
Województwo Pomorskie Kwidzyn Tak
89%
Województwo Dolnośląskie Bobowa Nie
83%
Województwo Podkarpackie Gorlice Nie
83%
Województwo Dolnośląskie Żary Nie
83%
Województwo Warmińsko-mazurskie Bobrowniki Nie
78%
Województwo Śląskie Góra Nie
78%
Województwo Lubuskie Góra Nie
78%
Województwo Warmińsko-mazurskie Jasło Nie
78%
Województwo Dolnośląskie Jelenia Góra Tak
78%
Województwo Wielkopolskie Kołobrzeg Nie
78%
Województwo Dolnośląskie Legnica Tak
78%
Województwo Podlaskie Lesko Nie
78%
Województwo Podkarpackie Lubartów Nie
78%
Województwo Wielkopolskie Pajęczno Nie
78%
Województwo Podkarpackie Parczew Nie
78%
Województwo Opolskie Pruszków Nie
78%
Województwo Zachodniopomorskie Puck Nie
78%
Województwo Podlaskie Rumia Nie
78%
Województwo Opolskie Rydułtowy Nie
78%
Województwo Zachodniopomorskie Ryki Nie
78%
Województwo Opolskie Sandomierz Nie
78%
Województwo Zachodniopomorskie Szczecin Tak
78%
Województwo Zachodniopomorskie Trzciana Nie
78%
Województwo Lubelskie Zabłudów Nie
78%
Województwo Kujawsko-pomorskie Aleksandrów Łódzki Nie
72%
Województwo Śląskie Biała Nie
72%
Województwo Śląskie Bobolin Nie
72%
Województwo Kujawsko-pomorskie Chełm Nie
72%
Województwo Warmińsko-mazurskie Ełk Tak
72%
Województwo Opolskie Głuchołazy Tak
72%
Województwo Opolskie Kędzierzyn Koźle Tak
72%
Województwo Warmińsko-mazurskie Kętrzyn Tak
72%
Województwo Śląskie Kluczbork Nie
72%
Województwo Pomorskie Krynica Morska Tak
72%
Województwo Zachodniopomorskie Łeba Nie
72%
Województwo Lubuskie Nisko Nie
72%
Województwo Lubelskie Pierzchnica Nie
72%
Województwo Wielkopolskie Piła Tak
72%
Województwo Mazowieckie Płock Tak
72%
Województwo Podkarpackie Połaniec Nie
72%
Województwo Mazowieckie Radom Tak
72%
Województwo Małopolskie Radomyśl Wielki Nie
72%
Województwo Podlaskie Sokółka Tak
72%
Województwo Małopolskie Szczawnica Tak
72%
Województwo Śląskie Tarnowskie Góry Tak
72%
Województwo Świętokrzyskie Zabrze Nie
72%
Województwo Podlaskie Zalewo Nie
72%
Województwo Lubuskie Żory Nie
72%
Województwo Pomorskie Żukowo Tak
72%
Województwo Świętokrzyskie Zwierzyniec Nie
72%
Województwo Kujawsko-pomorskie Chełmża Tak
67%
Województwo Kujawsko-pomorskie Choroszcz Nie
67%
Województwo Zachodniopomorskie Drezdenko Nie
67%
Województwo Lubuskie Drezdenko Tak
67%
Województwo Świętokrzyskie Dubiecko Nie
67%
Województwo Warmińsko-mazurskie Działdowo Tak
67%
Województwo Podlaskie Grajewo Tak
67%
Województwo Łódzkie Jawor Nie
67%
Województwo Lubuskie Kostrzyn nad Odrą Tak
67%
Województwo Kujawsko-pomorskie Kraśnik Nie
67%
Województwo Lubelskie Lubaczów Nie
67%
Województwo Warmińsko-mazurskie Lubraniec Nie
67%
Województwo Małopolskie Pilica Nie
67%
Województwo Warmińsko-mazurskie Prabuty Nie
67%
Województwo Opolskie Prószków Tak
67%
Województwo Małopolskie Przecław Nie
67%
Województwo Opolskie Przyrów Nie
67%
Województwo Śląskie Rybnik Tak
67%
Województwo Warmińsko-mazurskie Ryn Tak
67%
Województwo Lubelskie Szczebrzeszyn Tak
67%
Województwo Zachodniopomorskie Szczecinek Tak
67%
Województwo Kujawsko-pomorskie Unisław Nie
67%
Województwo Łódzkie Wieluń Tak
67%
Województwo Świętokrzyskie Włoszczowa Tak
67%
Województwo Lubuskie Żary Tak
67%
Województwo Śląskie Zawiercie Tak
67%
Województwo Świętokrzyskie Busko-Zdrój Tak
61%
Województwo Dolnośląskie Jelcz-Laskowice Tak
61%
Województwo Małopolskie Kalwaria Zebrzydowska Tak
61%
Województwo Mazowieckie Milanówek Tak
61%
Województwo Lubelskie Nałęczów Tak
61%
Województwo Lubelskie Pacanów Nie
61%
Województwo Mazowieckie Pułtusk Tak
61%
Województwo Podkarpackie Ropczyce Tak
61%
Województwo Łódzkie Rzgów Tak
61%
Województwo Podlaskie Sejny Tak
61%
Województwo Wielkopolskie Swarzędz Tak
61%
Województwo Kujawsko-pomorskie Żnin Tak
61%
Województwo Świętokrzyskie Ćmielów Tak
56%
Województwo Świętokrzyskie Czarna Woda Nie
56%
Województwo Zachodniopomorskie Dziwnów Tak
56%
Województwo Świętokrzyskie Nowa Dęba Nie
56%
Województwo Mazowieckie Nowe Miasto nad Pilicą Tak
56%
Województwo Zachodniopomorskie Nowe Warpno Tak
56%
Województwo Podkarpackie Sędziszów Małopolski Tak
56%
Województwo Podkarpackie Sokołów Małopolski Tak
56%
Województwo Małopolskie Stary Sącz Tak
56%
Województwo Małopolskie Szaflary Nie
56%
Województwo Podlaskie Wysokie Mazowieckie Tak
56%
Województwo Lubelskie Zwierzyniec Tak
56%
Województwo Łódzkie Inowłódz Tak
50%
Województwo Wielkopolskie Jastrowie Tak
50%
Województwo Opolskie Lewin Brzeski Tak
50%
Województwo Lubuskie Lipinki Łużyckie Nie
50%
Województwo Wielkopolskie Luboń Tak
50%
Województwo Małopolskie Mszana Dolna Tak
50%
Województwo Mazowieckie Podkowa Leśna Tak
50%
Województwo Wielkopolskie Okonek Tak
44%
Województwo Lubuskie Ośno Lubuskie Tak
44%
Województwo Podkarpackie Pruchnik Tak
44%
Województwo Kujawsko-pomorskie Raciniewo Nie
44%
Województwo Śląskie Radlin Tak
44%
Województwo Lubelskie Rejowiec Fabryczny Tak
44%
Województwo Pomorskie Skórcz Tak
44%
Województwo Dolnośląskie Żmigród Tak
44%
Województwo Łódzkie Drzewica Tak
39%
Województwo Podkarpackie Głogów Małopolski Tak
39%
Województwo Małopolskie Jordanów Tak
39%
Województwo Opolskie Praszka Tak
39%
Województwo Łódzkie Zelów Tak
39%
Województwo Kujawsko-pomorskie Bobrowniki Tak
33%
Województwo Podlaskie Brańsk Tak
33%
Województwo Podlaskie Kleszczele Tak
33%
Województwo Śląskie Łazy Tak
33%
Województwo Wielkopolskie Miasteczko Krajeńskie Tak
33%
Województwo Lubelskie Tyszowce Tak
33%
Województwo Łódzkie Lututów Tak
28%
Województwo Łódzkie Września Tak
28%
Województwo Łódzkie Kiernozia Tak
22%
Województwo Mazowieckie Raciąż Tak
22%
Województwo Lubuskie Szlichtyngowa Tak
22%
Województwo Świętokrzyskie Wiślica Tak
22%
Województwo Dolnośląskie Wleń Tak
22%
Województwo Mazowieckie Kazanów Tak
17%
Województwo Warmińsko-mazurskie Kisielice Tak
17%
Województwo Mazowieckie Odrzywół Tak
17%
Województwo Wielkopolskie Pogorzela Tak
11%
Nie znaleziono quizów pasujących do podanych kryteriów
Rozkład punktacji
Procent ludzi z każdym wynikiem
Percentyl według liczby udzielonych odpowiedzi
Twoja historia wyników
Nie rozwiązałeś tego quizu